Crystals and X-rays.

Bibliographic Details
Main Author: Lonsdale, Kathleen, Dame, 1903-1971
Format: Book
Language:English
Published: London : G. Bell, 1948.
Subjects:

MARC

Tag First Indicator Second Indicator Subfields
LEADER 00000cam a2200000 4500
001 in00000621921
005 20151015050621.0
008 750611s1948 enka 00100 eng
010 |a  49048630  
035 |a (OCoLC)01386842 
035 |9 ACT0906AM 
040 |c TYC  |d TXA  |d UtOrBLW 
049 |a TXAM  |c [380269] 
050 0 0 |a QD945  |b .L6 
082 0 |a 548 
100 1 |a Lonsdale, Kathleen,  |c Dame,  |d 1903-1971. 
245 1 0 |a Crystals and X-rays. 
264 1 |a London :  |b G. Bell,  |c 1948. 
300 |a viii, 199 pages :  |b illustrations ;  |c 23 cm. 
336 |a text  |b txt  |2 rdacontent 
337 |a unmediated  |b n  |2 rdamedia 
338 |a volume  |b nc  |2 rdacarrier 
504 |a "Textbooks for reference": pages 191-192. 
650 0 |a Crystallography. 
650 0 |a X-rays. 
999 |a MARS 
999 f f |s 833579ad-9dff-380d-9bc5-afae7cf0f156  |i 3fa1cb1d-9747-3685-85d3-9461eb5ad793  |t 0 
952 f f |p ric  |a Texas A&M University  |b Rellis Campus  |c Joint Library Facility  |s JLF  |d Remote Storage  |t 0  |e QD945 .L6  |h Library of Congress classification  |i unmediated -- volume  |m A14804731113 
998 f f |a QD945 .L6  |t 0  |l Remote Storage